000 00490nam a2200169Ia 4500
003 OSt
005 20200214144054.0
008 190216s9999||||xx |||||||||||||| ||und||
040 _coclc
082 _a909.097671
_bASS/I
100 _aAssan, K
_91993
245 0 _aIslamika Charitram /
_cK Assan
260 _bKerala Basha Inst,
_c1972.
_aThiruvananthapuram:
300 _a245p
650 _xIslamic History
942 _cBK
_2ddc
_h909.097671
_iASS/I
_k909.097671
_mASS/I
999 _c22045
_d22045